000 00394 a2200169 4500
001 13755
020 _a9788535641097
040 _cAnchieta - Aquarius
100 _aSiqueira, Antonio Juraci
240 1 0 _aAumentei, mas não menti
_lpor
245 1 0 _aAumentei, mas não menti
300 _a36
362 0 _a2016
440 1 _aPaulinas
650 4 _aLiteratura infanto-juvenil
942 _cBK
999 _c13755
_d13755